LEADER 00973nam0-22003371i-450- 001 990003088150403321 010 $a0-7923-9261-2 035 $a000308815 035 $aFED01000308815 035 $a(Aleph)000308815FED01 035 $a000308815 100 $a20000920d1992----km-y0itay50------ba 101 0 $aita 102 $aIT 200 1 $aGovernment's Role in Innovation$fby Dennis Patrick Leyden, Albert N. Link. 210 $aDordrecht$aBoston$cKluwer Academic$d1992. 215 $aXV, 194 p.$d23 cm 610 0 $aInnovazioni tecnologiche$aSpesa pubblica$aStati Uniti 610 0 $aRicerca & Sviluppo$aStati Uniti 676 $aF/1.221 676 $aG/1.4 702 1$aLeyden,$bDennis Patrick 702 1$aLink,$bAlbert N. 801 0$aIT$bUNINA$gRICA$2UNIMARC 901 $aBK 912 $a990003088150403321 952 $aG/1.4 LEY$b14192$fSES 959 $aSES 996 $aGovernment's Role in Innovation$9460580 997 $aUNINA DB $aING01 LEADER 01398nam 2200313Ia 450 001 996396905903316 005 20231219230545.0 035 $a(CKB)4940000000063977 035 $a(EEBO)2264214747 035 $a(OCoLC)09292216 035 $a(EXLCZ)994940000000063977 100 $a19830308d1678 uy | 101 0 $aeng 135 $aurbn#|||a|bb| 200 12$aA description of the island of Jamaica$b[electronic resource] $ewith the other isles and territories in America to which the English are related, viz. Barbadoes, St. Christophers, Nievis or Mevis, Antego, St. Vincent, Dominica, Montserrat, Anguilla, Barbada, Bermudes, Carolina, Virginia, Maryland, New-York, New-England, New-Found-Land : together with The presnt state of Algiers /$fpublished by Richard Blome 210 $aLondon $cPrinted by J.B. for Dorman Newman$d1678 215 $a[4], 88 p., [4] leaves of plates $cmaps 300 $a"The present state of Algiers" not present in this copy. 300 $aReproduction of original in the Bodleian Library. 330 $aeebo-0014 607 $aGreat Britain$xColonies$zAmerica$xDescription and travel 607 $aJamaica$xDescription and travel 700 $aBlome$b Richard$f1635-1705.$01005190 801 1$bEEU 801 2$bWaOLN 906 $aBOOK 912 $a996396905903316 996 $aA description of the island of Jamaica$92349124 997 $aUNISA LEADER 01982ojm 2200253z- 450 001 9910150492903321 005 20251118110054.0 010 $a1-4690-2539-6 035 $a(CKB)3710000000944184 035 $a(BIP)043211398 035 $a(ODN)ODN0001278661 035 $a(EXLCZ)993710000000944184 100 $a20231107c2013uuuu -u- - 101 0 $aeng 200 10$aSky Island 210 $cGildan Audio 330 8 $aOne day a young girl, Trot, encounters a strange young boy with a big umbrella. She learns his name is Button Bright and he uses this umbrella to go on long journeys. Trot's friend, Cap'n Bill, joins the two children and they venture to a fantastical island, which they call Sky Island, as it is halfway in the sky. The island is split into two sides - the blue side and the pink side. They arrive first at the blue side - a dangerous and hostile place. The leader of the blue side, the Boolooroo of the Blues, is an evil man who punishes people by chopping them in half and sewing mismatched pieces back together. The Boolooroo captures Trot, Button, and Cap'n Bill and gives Trot as a slave to his daughters. The three eventually escape and make their way over to the pink side of the island, a much happier but still dangerous place. The laws of Sky Island insist that the visitors be thrown off the side of the island, and even the leader cannot save them. Trot, Button, and Cap'n Bill seem to be in an inescapable place of danger and they will need someone or something very powerful to save them from Sky Island. L. Frank Baum (1856-1919) was an American author of children's books, most famous for his "The Wonderful Wizard of Oz." "Sky Island" is a sequel to Baum's "The Sea Fairies," a children's fantasy novel concerning the adventures of Trot and Cap'n Bill. 676 $a[Fic] 700 $aBaum$b L. Frank.$0558188 702 $aCraden$b Abby$4nrt 906 $aAUDIO 912 $a9910150492903321 996 $aSky Island$93594582 997 $aUNINA